South Eastern Kenya University

Library Online Public Access Catalogue


Marketing (Record no. 9959)

MARC details
000 -LEADER
fixed length control field 00892cam a22003013a 4500
001 - CONTROL NUMBER
control field 16987437
003 - CONTROL NUMBER IDENTIFIER
control field OSt
005 - DATE AND TIME OF LATEST TRANSACTION
control field 20160121173824.0
008 - FIXED-LENGTH DATA ELEMENTS--GENERAL INFORMATION
fixed length control field 111003s2013 nyua b 001 0 eng d
010 ## - LIBRARY OF CONGRESS CONTROL NUMBER
LC control number 2011940364
020 ## - INTERNATIONAL STANDARD BOOK NUMBER
International Standard Book Number 9780078028854 (pbk.)
020 ## - INTERNATIONAL STANDARD BOOK NUMBER
International Standard Book Number 007802885X (pbk.)
035 ## - SYSTEM CONTROL NUMBER
System control number (OCoLC)ocn772139161
040 ## - CATALOGING SOURCE
Original cataloging agency SEKU
042 ## - AUTHENTICATION CODE
Authentication code lccopycat
050 00 - LIBRARY OF CONGRESS CALL NUMBER
Classification number HF 5415
Item number .G6 2013
100 1# - MAIN ENTRY--PERSONAL NAME
Personal name Grewal, Dhruv.
245 10 - TITLE STATEMENT
Title Marketing
Statement of responsibility, etc. Dhruv Grewal, Michael Levy.
246 14 - VARYING FORM OF TITLE
Title proper/short title M :
Remainder of title marketing
250 ## - EDITION STATEMENT
Edition statement 3rd ed.
260 ## - PUBLICATION, DISTRIBUTION, ETC. (IMPRINT)
Place of publication, distribution, etc. New York :
Name of publisher, distributor, etc. McGraw Hill/Irwin,
Date of publication, distribution, etc. c2013.
300 ## - PHYSICAL DESCRIPTION
Extent xiv, 450 p. :
Other physical details col. ill. ;
Dimensions 28 cm. +
Accompanying material 18 active review cards
500 ## - GENERAL NOTE
General note Active review cards on perforated pages at end.
504 ## - BIBLIOGRAPHY, ETC. NOTE
Bibliography, etc Includes bibliographical references (p. 394-450) and index.
650 #0 - SUBJECT ADDED ENTRY--TOPICAL TERM
Topical term or geographic name as entry element Marketing.
700 1# - ADDED ENTRY--PERSONAL NAME
Personal name Levy, Michael,
Dates associated with a name 1950-
942 ## - ADDED ENTRY ELEMENTS (KOHA)
Source of classification or shelving scheme Library of Congress Classification
Koha item type General circulation
Holdings
Withdrawn status Lost status Source of classification or shelving scheme Damaged status Not for loan Home library Current library Shelving location Date acquired Source of acquisition Total Checkouts Full call number Barcode Date last seen Price effective from Koha item type Public note
    Library of Congress Classification     Main Campus Library Main Campus Library General Stacks 21/01/2016 Donation-Books for Africa   HF 5415 .G6 2013 2016010295 21/01/2016 21/01/2016 General circulation A.K.
Kitui, Kenya.
+254736116989
library@seku.ac.ke